Statistics for Overseas France

Click here to take the quiz!

General Stats

  • This quiz has been taken 14 times
  • The average score is 8 of 12

Answer Stats

LocationOverseas Regions% Correct
South AmericaFrench Guiana
100%
CaribbeanGuadeloupe
83%
CaribbeanMartinique
75%
Indian OceanRéunion
75%
CaribbeanSaint Martin
67%
South Pacific OceanFrench Polynesia
67%
South Pacific OceanWallis and Futuna
67%
North Atlantic OceanSaint Pierre and Miquelon
58%
South Pacific OceanNew Caledonia
58%
Indian OceanMayotte
50%
CaribbeanSaint Barthélemy
33%
Indian Ocean and AntarcticaFrench Southern and Antarctic Lands
25%

Score Distribution

Percentile by Number Answered

Percent of People with Each Score

Your Score History

You have not taken this quiz